<?xml version="1.0" encoding="UTF-8"?>
<record
    xmlns:xsi="http://www.w3.org/2001/XMLSchema-instance"
    xsi:schemaLocation="http://www.loc.gov/MARC21/slim http://www.loc.gov/standards/marcxml/schema/MARC21slim.xsd"
    xmlns="http://www.loc.gov/MARC21/slim">

  <leader>01419nam a2200265 i 4500</leader>
  <controlfield tag="003">CSPC</controlfield>
  <controlfield tag="005">20240419125404.0</controlfield>
  <controlfield tag="008">230613s2021    ii a          001 0 eng d</controlfield>
  <datafield tag="020" ind1=" " ind2=" ">
    <subfield code="a">9789352696895</subfield>
    <subfield code="q">(hardback)</subfield>
  </datafield>
  <datafield tag="040" ind1=" " ind2=" ">
    <subfield code="c">CSPC</subfield>
    <subfield code="a">CSPC</subfield>
    <subfield code="b">eng</subfield>
    <subfield code="d">CSPC</subfield>
    <subfield code="e">rda</subfield>
  </datafield>
  <datafield tag="050" ind1=" " ind2="4">
    <subfield code="a">RA644.C67</subfield>
  </datafield>
  <datafield tag="082" ind1="0" ind2="4">
    <subfield code="a">616.2414</subfield>
    <subfield code="b">C838</subfield>
    <subfield code="2">23</subfield>
  </datafield>
  <datafield tag="245" ind1="0" ind2="0">
    <subfield code="a">COVID-19 :</subfield>
    <subfield code="b">the global public health disaster challenge /</subfield>
    <subfield code="c">edited by D. Yashwanth Kumar. </subfield>
  </datafield>
  <datafield tag="264" ind1=" " ind2="1">
    <subfield code="a">New Delhi, India : </subfield>
    <subfield code="b">Random Publications, </subfield>
    <subfield code="c">2021. </subfield>
  </datafield>
  <datafield tag="300" ind1=" " ind2=" ">
    <subfield code="a">316 pages : </subfield>
    <subfield code="b">illustrations ; </subfield>
    <subfield code="c">24 cm. </subfield>
  </datafield>
  <datafield tag="336" ind1=" " ind2=" ">
    <subfield code="2">rdacontent</subfield>
    <subfield code="a">text</subfield>
  </datafield>
  <datafield tag="337" ind1=" " ind2=" ">
    <subfield code="2">rdamedia</subfield>
    <subfield code="a">unmediated</subfield>
  </datafield>
  <datafield tag="338" ind1=" " ind2=" ">
    <subfield code="2">rdacarrier</subfield>
    <subfield code="a">volume</subfield>
  </datafield>
  <datafield tag="500" ind1=" " ind2=" ">
    <subfield code="a">Includes index.</subfield>
  </datafield>
  <datafield tag="505" ind1="0" ind2=" ">
    <subfield code="a">Introduction -- COVID - 19 and public health disease -- Lockdown -- Social distancing, quarantine and self-isolation -- COVID-19: infection outbreak -- Transmission dynamics of COVID-19 -- Coronavirus (COVID-19) precautions -- Hazard and disaster challenge for COVID-19 -- COVID -19 Global public health disaster challenges of SARS- CoV and MERS-CoV -- COVID-19, new normal and India -- COVID-19: China' s modernization global war -- Developing therapeutics and vaccines for COVID -19. </subfield>
  </datafield>
  <datafield tag="650" ind1=" " ind2="4">
    <subfield code="a">COVID-19 (Disease)</subfield>
  </datafield>
  <datafield tag="700" ind1="1" ind2=" ">
    <subfield code="a">Kumar, D. Yashwanth, </subfield>
    <subfield code="e">editor. </subfield>
  </datafield>
  <datafield tag="942" ind1=" " ind2=" ">
    <subfield code="2">ddc</subfield>
    <subfield code="c">BK</subfield>
    <subfield code="h">616.2414</subfield>
    <subfield code="i">C838</subfield>
    <subfield code="k">NUR</subfield>
    <subfield code="m">2021</subfield>
    <subfield code="n">0</subfield>
  </datafield>
  <datafield tag="952" ind1=" " ind2=" ">
    <subfield code="0">0</subfield>
    <subfield code="1">0</subfield>
    <subfield code="2">ddc</subfield>
    <subfield code="4">0</subfield>
    <subfield code="7">0</subfield>
    <subfield code="a">CSPC</subfield>
    <subfield code="b">CSPC</subfield>
    <subfield code="c">NUR</subfield>
    <subfield code="d">2023-06-13</subfield>
    <subfield code="l">0</subfield>
    <subfield code="o">NUR 616.2414 C838 2021</subfield>
    <subfield code="p">025460</subfield>
    <subfield code="r">2023-06-13 00:00:00</subfield>
    <subfield code="t">1-2</subfield>
    <subfield code="w">2023-06-13</subfield>
    <subfield code="y">BK</subfield>
  </datafield>
  <datafield tag="952" ind1=" " ind2=" ">
    <subfield code="0">0</subfield>
    <subfield code="1">0</subfield>
    <subfield code="2">ddc</subfield>
    <subfield code="4">0</subfield>
    <subfield code="7">0</subfield>
    <subfield code="a">CSPC</subfield>
    <subfield code="b">CSPC</subfield>
    <subfield code="c">NUR</subfield>
    <subfield code="d">2024-03-26</subfield>
    <subfield code="l">0</subfield>
    <subfield code="o">NUR 616.2414 C838 2021</subfield>
    <subfield code="p">027498</subfield>
    <subfield code="r">2024-03-26 00:00:00</subfield>
    <subfield code="t">2-2</subfield>
    <subfield code="w">2024-03-26</subfield>
    <subfield code="y">BK</subfield>
  </datafield>
  <datafield tag="999" ind1=" " ind2=" ">
    <subfield code="c">25393</subfield>
    <subfield code="d">25393</subfield>
  </datafield>
</record>
